000 00722nam a22002537a 4500
005 20170123162317.0
010 _aA-470224
020 _c00.00
035 _aA-470224
037 _bCen Lib/Ret
040 _aDPL
_bUR
082 _a841
_bا م ی
100 _aامیر چند بہار
_9114852
245 _aنسیب و فراز /
_cامیر چند بہار
246 _aNaseeb-o-Fraz /
_bby Amir Chand Bahar
260 _a[s.l.]
_c[s.n.]
270 _b[s.l.]
300 _a128p.
_c19cm(Hb)
650 _a ادب - اردو
_9114853
650 _a اردو شاعری
_9462
650 _aLiterature -- Urdu
_9114854
650 _aUrdu poetry
_9114855
942 _2ddc
_cUR
_h841
_mا م ی
999 _c106771
_d106771